00637 2200241 4500001002100000005001500021035002000036007000300056008004100059020002200100082001000122084001600132100002000148245007000168250001000238260004100248300002600289650001900315700001300334504002600347990001100373990001100384INLIS00000000000530620200213082450 a0010-0220000024ta200213 g 0 ind  a978-602-482-826-4 a371.3 a371.3 DWI k0 aDWI, Nurhidayah1 aKelas Literasi Bu Guru Aisyah /cDwi Nurhidayah; editor, Ernawati acet.1 aSurabaya :bPustaka MediaGuru,c2019 avi, 56 hlm. ;c20 cm. 4aMETODE BELAJAR0 aERNAWATI aBibliografi : hlm. 56 a7311 a a7311 b